| 000 | 01011nam a2200277 a 4500 | ||
|---|---|---|---|
| 001 | 000047496 | ||
| 003 | DO-SdBNP | ||
| 005 | 20230216091826.0 | ||
| 007 | ta | ||
| 008 | 121115s2015 dr ac 000 0 spa d | ||
| 020 | _a9789993449829 | ||
| 040 |
_aDO-SdBNP _bspa _cBNPHU |
||
| 082 | 4 |
_a324.27293 _bA448p, 2015 _222 |
|
| 100 | 1 |
_aAlmeyda Rancier, Franklin _937117 |
|
| 245 | 1 | 3 |
_aEl PLD y las fuerzas sociales : _btestimonio sobre su origen y desarrollo / _cFranklin Almeynda Rancier. |
| 250 | _a5a. ed. revisada | ||
| 260 |
_aSanto Domingo : _bGente, _c2015. |
||
| 300 |
_a383 p. : _bilustraciones y retratos ; _c24 cm. |
||
| 500 | _aIncluye datos biográficos del autor en las solapas | ||
| 590 | _aInventariado, 2018/ YL | ||
| 610 | 1 | 4 |
_aPartido de la Liberación Dominicana _xHistoria _964153 |
| 650 | 4 |
_aPartidos políticos _zRepública Dominicana _y1961- _964154 |
|
| 651 | 4 |
_aRepública Dominicana _xPolítica y gobierno _y1961- _9204 |
|
| 910 | _aValidado. Control de calidad MFF | ||
| 942 |
_2ddc _cLBS1 |
||
| 999 |
_c46984 _d46984 |
||